มุมมองปกติ
มุมมองแบบ MARC
- ฝุ่นละออง
รายการ Topical Term
001 - CONTROL NUMBER
- control field: 66399
003 - CONTROL NUMBER IDENTIFIER
- control field: NALT
005 - DATE AND TIME OF LATEST TRANSACTION
- control field: 20250806111252.0
008 - FIXED-LENGTH DATA ELEMENTS
- fixed length control field: 250806|| aca||babn | a|a d
040 ## - CATALOGING SOURCE
- Original cataloging agency: NALT
150 #4 - HEADING--TOPICAL TERM
- Topical term or geographic name entry element: ฝุ่นละออง
- General subdivision: การป้องกัน
